000 00858cam a22002054a 4500
005 20250605164251.0
008 250528s ||||||||||||||||||||||||d
035 _a21742
020 _a9789602185025
040 _aGR-AtMCL
_bgre
_dGR-AtMCL
_eAACR2
245 1 _aΡΟΜΠΟΤΙΚΗ / ΚΙΝΗΜΑΤΙΚΗ ΔΥΝΑΜΙΚΗ ΚΑΙ ΕΛΕΓΧΟΣ ΒΡΑΧΙΟΝΩΝ
250 _a1
260 _bΚριτική,
_c2007
300 _a227
520 _aΚΙΝΗΜΑΤΙΚΗ ΣΤΕΡΕΟΥ ΣΩΜΑΤΟΣ ΚΙΝΗΜΑΤΙΚΗ ΑΡΘΡΩΤΟΥ ΒΡΑΧΙΟΝΑ ΚΙΝΗΣΗ ΣΤΕΡΕΟΥ ΣΩΜΑΤΟΣ ΙΑΚΩΒΙΑΝΕΣ ΑΡΘΡΩΤΟΥ ΒΡΑΧΙΟΝΑ ΣΧΕΔΙΑΣΗ ΤΡΟΧΙΑΣ ΔΥΝΑΜΙΚΗ ΜΕΛΕΤΗ ΑΡΘΡΩΤΟΥ ΒΡΑΧΙΟΝΑ
700 1 _aΔουλγερη Ζωη
_97671
942 _cBK
999 _c6801
_d6801